|
|
|
|
| LEADER |
01544cam a2200349 i 4500 |
| 001 |
39621 |
| 003 |
BD-DhAAL |
| 008 |
220920t2015 nyua b 001 0 eng d |
| 999 |
|
|
|c 44048
|d 44048
|
| 010 |
|
|
|a 2014034933
|
| 020 |
|
|
|a 9780415702607 (hb : alk. paper)
|
| 020 |
|
|
|a 9780415702614 (pb : alk. paper)
|
| 040 |
|
|
|a DLC
|b eng
|e rda
|c DLC
|d DLC
|d BD-DhAAL
|
| 042 |
|
|
|a pcc
|
| 050 |
0 |
0 |
|a HV554.5
|b .C43 2015
|
| 082 |
0 |
0 |
|a 363.583
|2 23
|
| 100 |
1 |
|
|a Charlesworth, Esther Ruth,
|e author.
|9 51402
|
| 245 |
1 |
0 |
|a Sustainable housing reconstruction :
|b designing resilient housing after natural disasters /
|c Esther Charlesworth and Iftekhar Ahmed.
|
| 264 |
|
1 |
|a New York, NY :
|b Routledge,
|c 2015.
|
| 300 |
|
|
|a xiv, 139 pages :
|b color illustrations ;
|c 26 cm.
|
| 504 |
|
|
|a Includes bibliographical references (pages 134-135) and index.
|
| 526 |
|
|
|a PPDM, ARC
|
| 541 |
|
|
|a Book Finder International
|e 39621
|
| 650 |
|
0 |
|a Disaster victims
|x Housing
|v Case studies.
|9 51403
|
| 650 |
|
0 |
|a Ecological houses
|v Case studies.
|9 51404
|
| 650 |
|
0 |
|a Buildings
|x Repair and reconstruction
|v Case studies.
|9 51405
|
| 650 |
|
0 |
|a Disasters
|x Social aspects
|v Case studies.
|9 51406
|
| 650 |
|
0 |
|a BUSINESS & ECONOMICS / Environmental Economics.
|9 51407
|
| 700 |
1 |
|
|a Ahmed, Iftekhar,
|d 1962-
|e author.
|9 51408
|
| 852 |
|
|
|a Ayesha Abed Library
|c General Stacks
|
| 942 |
|
|
|2 ddc
|c BK
|
| 952 |
|
|
|0 0
|1 0
|2 ddc
|4 0
|6 363_583000000000000_CHA
|7 0
|9 71856
|a BRACUL
|b BRACUL
|c GEN
|d 2022-09-12
|e Book Finder International
|g 2275.37
|l 0
|o 363.583 CHA
|p 3010039621
|r 2022-09-12
|t 1
|v 2275.37
|w 2022-09-12
|y BK
|